Central Library OPAC University of Rajshahi

Food science / (Record no. 37314)

MARC details
000 -LEADER
fixed length control field 00759nam a2200253 4500
001 - CONTROL NUMBER
control field 37314
003 - CONTROL NUMBER IDENTIFIER
rucl marc code BD-RjUL
005 - DATE AND TIME OF LATEST TRANSACTION
control field 20211209052610.0
008 - FIXED-LENGTH DATA ELEMENTS--GENERAL INFORMATION
fixed length control field 141126r19941989ii a|||| |||| 00| 0 eng d
020 ## - INTERNATIONAL STANDARD BOOK NUMBER
International Standard Book Number 0852265966
035 ## - SYSTEM CONTROL NUMBER
System control number (BD-RjUL)37417
040 ## - CATALOGING SOURCE
Original cataloging agency BD-RjUL
Language of cataloging eng
Transcribing agency BD-RjUL
041 ## - LANGUAGE CODE
Language code of text/sound track or separate title eng
082 ## - DEWEY DECIMAL CLASSIFICATION NUMBER
Classification number 641.3
Author mark and year MUF 1994
100 ## - MAIN ENTRY--PERSONAL NAME
Personal name Mudambi, Sumati R.
9 (RLIN) 114365
245 ## - TITLE STATEMENT
Title Food science /
Statement of responsibility, etc. Sumati R Mudambi, Shalini M Rao.
260 ## - PUBLICATION, DISTRIBUTION, ETC. (IMPRINT)
Place of publication, distribution, etc. New Delhi :
Name of publisher, distributor, etc. New Age International,
Date of publication, distribution, etc. 1989 [reprint 1994].
300 ## - PHYSICAL DESCRIPTION
Pagination 221p.:
Illustrations ill.;
Size 19 cm.
650 ## - SUBJECT ADDED ENTRY--TOPICAL TERM
Topical term or geographic name as entry element Food
Form subdivision Textbooks.
9 (RLIN) 114366
Topical term or geographic name as entry element Food
General subdivision Study and teaching.
9 (RLIN) 114367
Topical term or geographic name as entry element Nutrition
General subdivision Study and teaching.
9 (RLIN) 114368
700 ## - ADDED ENTRY--PERSONAL NAME
Personal name Rao, Shalini M.
942 ## - ADDED ENTRY ELEMENTS (KOHA)
Source of classification or shelving scheme Dewey Decimal Classification
Koha item type Books
Holdings
Lost status Source of classification or shelving scheme Damaged status Not for loan Collection code Permanent Location Current Location Shelving location Date acquired Source of acquisition Cost, normal purchase price Total Checkouts Full call number Date last seen Copy number Koha item type
  Dewey Decimal Classification   Not For Loan Non-fiction Institute of Biological Sciences (IBSc) Library Institute of Biological Sciences (IBSc) Library   26/11/2014 Karim International 96.00   641.3 MUF 1994 26/11/2014 C-1 Books
  Dewey Decimal Classification   Not For Loan Non-fiction Institute of Biological Sciences (IBSc) Library Institute of Biological Sciences (IBSc) Library   20/01/2015       641.3 MUF 1994 20/01/2015 C-2 Books